Zwycięzcy Tour De Pologne - Statystyki

Ogólne statystyki
  • Ten quiz został rozwiązany 22 razy
  • Średni wynik to 11 z 79
Statystyki odpowiedzi
Rok Kolarz % Poprawnych
2018 Michał Kwiatkowski
95%
2014 Rafał Majka
89%
2024 Jonas Vingegaard
53%
1980 Czesław Lang
47%
1991 Dariusz Baranowski
42%
1992 Dariusz Baranowski
42%
1993 Dariusz Baranowski
42%
2011 Peter Sagan
42%
2017 Dylan Teuns
37%
2021 João Almeida
37%
2023 Matej Mohorić
32%
1971 Stanisław Szozda
32%
2008 Jens Voigt
26%
2022 Ethan Hayter
21%
2016 Tim Wellens
21%
2009 Alessandro Ballan
16%
2003 Cezary Zamana
16%
2010 Daniel Martin
16%
1927 Feliks Więcek
16%
2015 Ion Izagirre
16%
1965 Józef Beker
16%
2012 Moreno Moser
16%
1967 Andrzej Bławdzin
11%
1979 Andrzej Mierzejewski
11%
1982 Andrzej Mierzejewski
11%
1984 Andrzej Mierzejewski
11%
1988 Andrzej Mierzejewski
11%
1957 Henryk Kowalski
11%
1961 Henryk Kowalski
11%
1962 Jan Kudra
11%
1968 Jan Kudra
11%
1976 Janusz Kowalski
11%
1972 Jose Luis Viejo
11%
1966 Józef Gawliczek
11%
1973 Lucjan Lis
11%
1954 Marian Więckowski
11%
1955 Marian Więckowski
11%
1956 Marian Więckowski
11%
2019 Paweł Siwakow
11%
1963 Stanisław Gazda
11%
1975 Tadeusz Mytnik
11%
1969 Wojciech Matusiak
11%
1974 Andre Delcroix
5%
1958 Bogusław Fornalczyk
5%
1937 Bolesław Napierała
5%
1939 Bolesław Napierała
5%
1978 Jan Brzeźny
5%
1981 Jan Brzeźny
5%
1970 Jan Stachura
5%
1933 Jerzy Lipiński
5%
2007 Johan Vansummeren
5%
1929 Józef Stefański
5%
1977 Lechosław Michalak
5%
1985 Marek Leśniewski
5%
1953 Mieczysław Wilczewski
5%
2001 Ondrej Sosenka
5%
2004 Ondrej Sosenka
5%
1964 Rajmund Zieliński
5%
1960 Roger Diercken
5%
1947 Stanisław Grzelak
5%
2006 Stefan Schumacher
5%
1952 Wacław Wójcik
5%
1959 Wiesław Podobas
5%
1995 Zbigniew Spruch
5%
2005 Kim Kirschen
0%
2002 Laurent Brochard
0%
1986 Marek Kulas
0%
1989 Marek Wrona
0%
1994 Maurizio Fondriest
0%
1990 Mieczysław Karłowicz
0%
2013 Pięter Wernigerode
0%
2000 Piotr Przydział
0%
2020 Remco Evenepoul
0%
1997 Rolf Järmann
0%
1998 Siergiej Iwanow
0%
1983 Tadeusz Krawczyk
0%
1999 Tomasz Brożyna
0%
1996 Wiaczesław Dżawanian
0%
1987 Zbigniew Piątek
0%
Nie znaleziono quizów pasujących do podanych kryteriów
Rozkład punktacji
Procent ludzi z każdym wynikiem
Percentyl według liczby udzielonych odpowiedzi
Twoja historia wyników
Nie rozwiązałeś tego quizu